000 00640nam a2200217Ia 4500
003 OSt
005 20220926035449.0
006 a|||||r|||| 00| 0
007 ta
008 220923b |||||||| |||| 00| 0 eng d
037 _cGeneral Book
040 _aRTL
_cRTL
_beng
041 _2eng
_aeng
082 _aY:4:6.3.N0, J6
100 _aYoung A F
245 0 _aBritish social work in the nineteenth century
490 _aInternational Library of Sociology and Social Reconstruction ed by W J H Sprott
700 _a Ashton E T
942 _hY:4:6.3.N0, J6
_cGB
_2CC
999 _c662283
_d662283